Online Catalogue and eLibrary

Tamil as official language : (Record no. 407)

MARC details
000 -LEADER
fixed length control field 00540nam a2200193 a 4500
001 - CONTROL NUMBER
control field 686830
005 - DATE AND TIME OF LATEST TRANSACTION
control field 20240216015255.0
008 - FIXED-LENGTH DATA ELEMENTS--GENERAL INFORMATION
fixed length control field 950914s1995 ce b 000 0 eng
020 ## - INTERNATIONAL STANDARD BOOK NUMBER
ISBN 9555800065
040 ## - CATALOGING SOURCE (பட்டியலாக்க மூலம்)
Original cataloging agency DLC
Transcribing agency DLC
082 ## - DDC Classification
DDC Edition Number 22
Class No. 320.01.
Item Number - Author Mark TAM.
100 2# - MAIN ENTRY--PERSONAL NAME
Personal name Theva Rajan, A.
245 10 - TITLE STATEMENT
Title Tamil as official language :
Remainder of title retrospect and prospect /
Statement of responsibility, etc. A. Theva Rajan.
260 ## - PUBLICATION, DISTRIBUTION, ETC.
Place of publication, distribution, etc. Colombo :
Name of publisher, distributor, etc. International Centre for Ethnic Studies,
Date of publication, distribution, etc. 1995.
300 ## - PHYSICAL DESCRIPTION
Extent (e.g. Volumes, Pages etc.) 126 p. ;
650 #0 - SUBJECT ADDED ENTRY--TOPICAL TERM
Topical term or geographic name entry element Language policy
650 #0 - SUBJECT ADDED ENTRY--TOPICAL TERM
Topical term or geographic name entry element Tamil language
942 ## - Koha item type (Biblio)
Koha item type Books in Stacks (Lending)
Holdings
Lost status Damaged status Collection code Home library Current library Date acquired Full call number Accession Number Item type
    Lending WERC Library WERC Library 02/16/2024 320.01. TAM. 5079 Books in Stacks (Lending)

© WERC Library